| 000 | 00347 a2200121 4500 | ||
|---|---|---|---|
| 001 | 32956 | ||
| 082 | _a620.106 CHE | ||
| 090 |
_c22111 _d22111 |
||
| 100 | _aCheremisinoff,N.P | ||
| 245 | _aEncyclopedia of Fluid Mechanics:Surface and Groundwater Flow Phenomena. Vol-10 | ||
| 260 |
_aLondon _bGulf Publishing Company _c1990 |
||
| 300 | _axii, 724 | ||
| 942 |
_aNUST-CAE _k620.106 CHE |
||
| 999 |
_c268029 _d268029 |
||